| 000 | 00475aam a2200181 4500 | ||
|---|---|---|---|
| 005 | 20161118134728.0 | ||
| 008 | 150410b xxu||||| |||| 00| 0 spa d | ||
| 041 | _aspa | ||
| 082 | _a004.67 L313q | ||
| 100 |
_aLaQuey,Tracy _910442 |
||
| 100 |
_aRyer,Jeanne _910443 |
||
| 245 | _aQué es Internet | ||
| 260 |
_aArgentina _bAddison-Wesley Iberoamericana _c1995 |
||
| 300 | _a175 páginas | ||
| 650 |
_aREDES DE COMPUTADORES _96512 |
||
| 650 |
_aINTERNET _932871 |
||
| 942 | _cBK | ||
| 999 |
_c4482 _d4482 |
||